000 00452nam a2200157Ia 4500
008 240729s9999 xx 000 0 und d
022 _a2053-6712
245 0 _aSecularism and Nonreligion
260 _aUnited Kingdom
260 _bUbiquity Press
650 _a Religions. Mythology. Rationalism
650 _aPhilosophy. Psychology. Religion
856 _uhttps://doaj.org/toc/d4f07cd57f714f46a02f1dd07fce0df1
942 _2ddc
942 _cDOAJEJ
999 _c72622
_d72622
945 _a1
_bMadushi Gamage
_c1
_dMadushi Gamage